Statistiche per Primi 15 paesi interessati da Covid-19 - 9 febbraio 2022

Clicka qui per fare il quiz!

Statistiche generali

  • Questo quiz è stato fatto 6 volte
  • Il punteggio medio è 18 su 28

Statistiche sulle risposte

paese% Corretto
Francia
100%
Italia
100%
Polonia
100%
Russia
100%
Stati Uniti
100%
Argentina
75%
Brasile
75%
Colombia
75%
Croazia
75%
Danimarca
75%
Germania
75%
Paesi Bassi
75%
Paesi Bassi
75%
Portogallo
75%
Regno Unito
75%
Svizzera
75%
Turchia
75%
Belgio
50%
Estonia
50%
India
50%
Iran
50%
Slovenia
50%
Spagna
50%
Georgia
25%
Lituania
25%
Cechia
0%
Israele
0%
Lettonia
0%

Distribuzione punteggi

Percentile per numero di risposta

Percentuale di utenti per punteggio

I tuoi punteggi nel tempo

Non hai fatto questo quiz